HANDBOOK OF ALGORITHMS AND DATA STRUCTURES IN PASCAL AND C (Record no. 216666)

MARC details
000 -LEADER
fixed length control field 00565nam a22001937a 4500
008 - FIXED-LENGTH DATA ELEMENTS--GENERAL INFORMATION
fixed length control field 260225b |||||||| |||| 00| 0 eng d
020 ## - INTERNATIONAL STANDARD BOOK NUMBER
International Standard Book Number 978-0-2014-1607-7
050 ## - LIBRARY OF CONGRESS CALL NUMBER
Classification number QA 76.73 .P2 G66 1991
Item number 1
100 ## - MAIN ENTRY--PERSONAL NAME
Personal name GONNET G. H.
245 ## - TITLE STATEMENT
Title HANDBOOK OF ALGORITHMS AND DATA STRUCTURES IN PASCAL AND C
Remainder of title 1
250 ## - EDITION STATEMENT
Edition statement 2ND EDITION
260 ## - PUBLICATION, DISTRIBUTION, ETC.
Place of publication, distribution, etc. WOKINGHAM ENGLAND
Name of publisher, distributor, etc. ADDISON-WESLEY
Date of publication, distribution, etc. 1991
300 ## - PHYSICAL DESCRIPTION
Extent XIV,424P
500 ## - GENERAL NOTE
General note INCLUDES INDEX
650 ## - SUBJECT ADDED ENTRY
Topical term or geographic name entry element PASCAL COMPUTER PROGRAM LANGUAGE
700 ## - ADDED ENTRY--PERSONAL NAME
Personal name YATES R.BAEZA
942 ## - ADDED ENTRY ELEMENTS (KOHA)
Source of classification or shelving scheme Library of Congress Classification
Koha item type Long Loan Book
Holdings
Withdrawn status Lost status Source of classification or shelving scheme Damaged status Not for loan Collection Home library Current library Shelving location Date acquired Inventory number Total checkouts Full call number Barcode Date last seen Copy number Price effective from Koha item type
    Library of Congress Classification     Science & Technology Kisii University Library Kisii University Library On Display 02/25/2026 112081   QA 76.73 .P2 G66 1991 A000957 02/25/2026 1 02/25/2026 Long Loan Book
    Library of Congress Classification     Science & Technology Kisii University Library Kisii University Library On Display 02/25/2026 112082   QA 76.73 .P2 G66 1991 A000955 02/25/2026 2 02/25/2026 Long Loan Book
    Library of Congress Classification     Science & Technology Kisii University Library Kisii University Library On Display 02/25/2026 112083   QA 76.73 .P2 G66 1991 A000956 02/25/2026 3 02/25/2026 Long Loan Book
    Library of Congress Classification     Science & Technology Kisii University Library Kisii University Library On Display 02/25/2026 112084   QA 76.73 .P2 G66 1991 A000953 02/25/2026 4 02/25/2026 Long Loan Book
    Library of Congress Classification     Science & Technology Kisii University Library Kisii University Library On Display 02/25/2026 112085   QA 76.73 .P2 G66 1991 A000954 02/25/2026 5 02/25/2026 Long Loan Book